Ambigvity Processing Stressful Situation

Bibliographic Details
Main Author: Stuchlíková, Iva, 1962- (Author)
Format: Article
Language:Slovak
English
PhysicalDescription:Tab. 1, obr. 1, lit. 9 zázn. v angl.
ISSN:0039-3320
Subjects:

MARC

LEADER 00000nab a2200000 a 4500
001 vtls000570486
003 SK-MaSNL
005 20260304090035.0
008 250425c1995 xo 0 slo
015 |a SNBRB19rr/mm-uuuuu 
035 |a CL0570624 
035 |a urn:nbn:sk:snk-ab2son 
035 |a (urnnbn)urn:nbn:sk:snk:ar-a02vt3 
035 |a (uuid)acc62de4-f01b-4d90-95b8-38c994d94163 
040 |a SNKBUCL  |b slo  |c SNKBUCL  |e AACR2 
041 0 |a eng 
044 |a xo  |c SK 
080 |a 159.9  |2 1981 
100 1 |a Stuchlíková, Iva,  |d 1962-  |4 aut  |9 112341 
245 1 0 |a Ambigvity Processing Stressful Situation  |c Iva Stuchlíková0 
300 |b Tab. 1, obr. 1, lit. 9 zázn. v angl. 
650 0 7 |a stres  |2 snkbucl  |9 14472 
650 0 7 |a pochody myšlienkové dvojzmyselné  |2 snkbucl  |9 1380414 
655 7 |a články z novín a časopisov  |2 snkbucl  |9 267496 
773 0 |t Studia psychologica  |g Roč. 37, č. 3 (1995), s. 187-189  |x 0039-3320 
850 |a Slovenská národná knižnica 
852 |a Slovenská národná knižnica 
958 |a article27 
958 |a RK 
958 |a OND 
958 |a EUIPO 
992 |a RBX 
999 |c 2810139  |d 2812069